00382nam a2200157Ia 4500008004100000020002200041041000800063082001100071100001900082260003600101245003700137250000600174300000800180650001200188700002400200220805s9999 xx 000 0 und d a978-81-89975-43-2 aeng a813.08 aCanfield, Jack aChennaibWestland chennaic2008 aChicken soup for the Indian soul a1 a302 aFiction aHansen, Mark victor